| 000 | 00557nam a2200169 a 4500 | ||
|---|---|---|---|
| 020 | _a0710302096 | ||
| 040 | _cDLC | ||
| 082 | 0 | 0 | _a952 DIS 1989 A102 Or. |
| 245 | 0 | 0 | _aConstructs for understanding Japan / |
| 260 |
_aLondon ; _aNew York : _bK. Paul International : _aNew York, NY, USA : _bDistributed by Routledge, Chapman, and Hall, _c1989. |
||
| 300 |
_axiv, 396 p. : _bill. ; _c23 cm. |
||
| 650 | 0 | _aNational characteristics, Japanese. | |
| 650 | 0 | _aIntercultural communication. | |
| 700 | 1 | _aSugimoto, Yoshio. | |
| 700 | 1 | _aMouer, Ross E., | |
| 942 | _cEK | ||
| 999 |
_c13713 _d13713 |
||